[Event "10. Open Vila de Salou"]
[Site "Salou ESP"]
[Date "2008.05.08"]
[Round "1.1"]
[White "Ridameya Tatche, Jose"]
[Black "Burmakin, Vladimir"]
[Result "0-1"]
[WhiteElo "2136"]
[BlackElo "2615"]
[PlyCount "74"]
[EventDate "2008.05.08"]
[EventType "swiss"]
[EventRounds "9"]
[EventCountry "ESP"]
[Source "lmi"]
[SourceDate "2008.05.08"]

1. e4 c6 2. Nc3 d5 3. Qf3 dxe4 4. Nxe4 Nd7 5. d4 Ndf6 6. Be3 Bg4 7. Qf4 Qb6 8.
Nd2 Qd8 9. Ngf3 Nh6 10. h3 Nd5 11. Qg3 Bxf3 12. Qxf3 Nxe3 13. fxe3 e6 14. Bd3
Qd5 15. Be4 Qd7 16. Nc4 f6 17. O-O Nf7 18. Bd3 Bd6 19. Rad1 Bb8 20. c3 O-O 21.
Qh5 f5 22. e4 g6 23. Qe2 Bc7 24. e5 Qe7 25. Nd2 c5 26. Nf3 cxd4 27. cxd4 Bb6
28. Bc4 g5 29. Ne1 Rad8 30. Nc2 Kh8 31. Kh1 g4 32. Qe1 gxh3 33. gxh3 Rg8 34.
Rg1 Rxg1+ 35. Kxg1 Ng5 36. Kh1 Rg8 37. Qh4 Qc7 0-1

[Event "10. Open Vila de Salou"]
[Site "Salou ESP"]
[Date "2008.05.08"]
[Round "1.2"]
[White "Lopez Martinez, Josep Manuel"]
[Black "Valiente Roy, Jose Javier"]
[Result "1-0"]
[WhiteElo "2575"]
[BlackElo "2109"]
[PlyCount "45"]
[EventDate "2008.05.08"]
[EventType "swiss"]
[EventRounds "9"]
[EventCountry "ESP"]
[Source "lmi"]
[SourceDate "2008.05.08"]

1. e4 c6 2. d4 d5 3. e5 c5 4. dxc5 Nc6 5. Nf3 Bg4 6. c3 e6 7. Be3 Nge7 8. Bb5
Bxf3 9. Qxf3 a6 10. Ba4 Qc7 11. Bd4 Nf5 12. O-O Be7 13. Re1 O-O 14. Qd3 Qa5 15.
Bxc6 bxc6 16. a4 Nxd4 17. b4 Nf3+ 18. Qxf3 Qc7 19. Nd2 f6 20. Qg3 fxe5 21. Nf3
Rf4 22. Rxe5 Bh4 23. Qxf4 1-0

[Event "10. Open Vila de Salou"]
[Site "Salou ESP"]
[Date "2008.05.08"]
[Round "1.3"]
[White "Regue Farran, Enric"]
[Black "Maze, Sebastien"]
[Result "0-1"]
[WhiteElo "2064"]
[BlackElo "2565"]
[PlyCount "99"]
[EventDate "2008.05.08"]
[EventType "swiss"]
[EventRounds "9"]
[EventCountry "ESP"]
[Source "lmi"]
[SourceDate "2008.05.08"]

1. e4 c5 2. Nf3 Nc6 3. d4 cxd4 4. Nxd4 g6 5. Nc3 Bg7 6. Be3 Nf6 7. Be2 O-O 8.
O-O d6 9. Nb3 a6 10. a4 Be6 11. f4 Rc8 12. Nd4 Qb6 13. a5 Nxa5 14. Nf5 Qd8 15.
Nxe7+ Qxe7 16. Rxa5 Bc4 17. Bxc4 Rxc4 18. Qd3 Rfc8 19. e5 dxe5 20. Rxe5 Qb4 21.
Bc1 Ng4 22. Re2 Qc5+ 23. Kh1 Qh5 24. h3 Bxc3 25. bxc3 Rxc3 26. Re8+ Rxe8 27.
Qxc3 Nf2+ 28. Kg1 Ne4 29. Qb3 Qc5+ 30. Be3 Qc6 31. f5 Re7 32. fxg6 hxg6 33. Bd4
Qd6 34. Qc4 Rc7 35. Qd3 Rd7 36. Rd1 Ng3 37. Qe3 Re7 38. Qf2 Ne2+ 39. Kh1 Nxd4
40. Rxd4 Re1+ 41. Qxe1 Qxd4 42. Qe8+ Kg7 43. Qc8 Qa1+ 44. Kh2 Qe5+ 45. Kh1 Qd5
46. Qc3+ Kh7 47. Qf6 a5 48. Qf4 b5 49. c3 Qc4 50. Qf3 0-1

[Event "10. Open Vila de Salou"]
[Site "Salou ESP"]
[Date "2008.05.08"]
[Round "1.4"]
[White "Mirzoev, Azer"]
[Black "Mila Tejera, Jordi"]
[Result "1-0"]
[WhiteElo "2543"]
[BlackElo "2061"]
[PlyCount "49"]
[EventDate "2008.05.08"]
[EventType "swiss"]
[EventRounds "9"]
[EventCountry "ESP"]
[Source "lmi"]
[SourceDate "2008.05.08"]

1. c4 Nf6 2. Nc3 g6 3. e4 d6 4. d4 Bg7 5. f3 O-O 6. Be3 c5 7. d5 Na6 8. Nge2
Nc7 9. Ng3 b5 10. cxb5 a6 11. bxa6 Bxa6 12. Bxa6 Rxa6 13. O-O Qa8 14. Qd2 Rb8
15. Nge2 Nd7 16. Rac1 Ne5 17. b3 c4 18. f4 cxb3 19. fxe5 bxa2 20. Ra1 Bxe5 21.
Bd4 Bxd4+ 22. Nxd4 Qa7 23. Qf2 f6 24. Rxa2 Rxa2 25. Nxa2 1-0

[Event "10. Open Vila de Salou"]
[Site "Salou ESP"]
[Date "2008.05.08"]
[Round "1.5"]
[White "Aalbersberg Kroon, Pedro"]
[Black "Movsziszian, Karen"]
[Result "0-1"]
[WhiteElo "2048"]
[BlackElo "2536"]
[PlyCount "58"]
[EventDate "2008.05.08"]
[EventType "swiss"]
[EventRounds "9"]
[EventCountry "ESP"]
[Source "lmi"]
[SourceDate "2008.05.08"]

1. e4 d6 2. d4 g6 3. Nc3 Bg7 4. Nf3 a6 5. Bc4 e6 6. O-O b5 7. Bb3 Nd7 8. Bg5
Ne7 9. e5 h6 10. Bh4 g5 11. Bg3 Nf5 12. exd6 cxd6 13. Ne4 Nb6 14. h3 Bb7 15.
Re1 O-O 16. Bh2 Nc4 17. Bxc4 bxc4 18. c3 Rc8 19. Qe2 Qb6 20. Rad1 Rfd8 21.
Nfxg5 hxg5 22. Nxg5 Bd5 23. Qh5 Rd7 24. g4 Nh6 25. Bf4 Qd8 26. Nxe6 fxe6 27.
Bxh6 Qf8 28. Bxg7 Qf3 29. Kf1 Rxg7 0-1

[Event "10. Open Vila de Salou"]
[Site "Salou ESP"]
[Date "2008.05.08"]
[Round "1.7"]
[White "Rautanen, Sari"]
[Black "Cuartas, Jaime Alexander"]
[Result "1/2-1/2"]
[WhiteElo "1959"]
[BlackElo "2496"]
[PlyCount "150"]
[EventDate "2008.05.08"]
[EventType "swiss"]
[EventRounds "9"]
[EventCountry "ESP"]
[Source "lmi"]
[SourceDate "2008.05.08"]

1. Nf3 d5 2. d4 Nf6 3. c4 c6 4. Nc3 dxc4 5. a4 Bf5 6. Nh4 e6 7. Nxf5 exf5 8. e3
Bd6 9. Bxc4 O-O 10. Qc2 g6 11. O-O Nbd7 12. f3 Qb8 13. g3 c5 14. b3 a6 15. Bb2
Re8 16. Rae1 cxd4 17. exd4 Qa7 18. Kg2 Rac8 19. Qd1 Bb4 20. Rxe8+ Rxe8 21. Qd3
Qb6 22. Na2 Bf8 23. Bc3 f4 24. Re1 Rxe1 25. Bxe1 fxg3 26. hxg3 Qd6 27. Nc3 Qc6
28. Bd2 Bb4 29. Qe3 Nb6 30. Qe2 Qd6 31. Qe3 Qc6 32. Qe2 Bxc3 33. Bxc3 Nfd5 34.
Bd2 Qe6 35. Qe4 Kf8 36. a5 Nxc4 37. bxc4 Qxe4 38. fxe4 Nf6 39. Kf3 h5 40. Kf4
Ng4 41. e5 Ke7 42. d5 Kd7 43. Be1 Ke8 44. Ke4 Kd7 45. c5 g5 46. Kf5 Ne3+ 47.
Ke4 Nc4 48. Kf5 h4 49. gxh4 gxh4 50. e6+ fxe6+ 51. dxe6+ Ke8 52. Bxh4 Nxa5 53.
Ke4 Nc6 54. Kd5 Na7 55. Kc4 Nc6 56. Bf6 Ne7 57. Kd4 Ng8 58. Bg5 Ne7 59. Kc4 Nc6
60. Kd5 a5 61. Kd6 a4 62. Bc1 Nd4 63. Kc7 Nb3 64. Ba3 Na5 65. Bb4 Nc6 66. Ba3
Na5 67. Bb4 Nc6 68. Ba3 Nd8 69. Kb6 Nxe6 70. Kxb7 Nd4 71. Kb6 Kd7 72. Ka5 Kc6
73. Kxa4 Ne6 74. Ka5 Nxc5 75. Bxc5 Kxc5 1/2-1/2

[Event "10. Open Vila de Salou"]
[Site "Salou ESP"]
[Date "2008.05.09"]
[Round "2.1"]
[White "Burmakin, Vladimir"]
[Black "Pogorelov, Ruslan"]
[Result "1-0"]
[WhiteElo "2615"]
[BlackElo "2423"]
[PlyCount "167"]
[EventDate "2008.05.08"]
[EventType "swiss"]
[EventRounds "9"]
[EventCountry "ESP"]
[Source "lmi"]
[SourceDate "2008.05.08"]

1. Nf3 Nf6 2. c4 e6 3. g3 d5 4. Bg2 dxc4 5. Na3 Bxa3 6. bxa3 O-O 7. Qc2 Nc6 8.
Bb2 Qd6 9. Qxc4 e5 10. O-O Be6 11. Qc2 Rab8 12. Rfc1 Rfc8 13. Qc3 Nd5 14. Qc5
f6 15. d4 Qxc5 16. Rxc5 exd4 17. Nxd4 Nxd4 18. Bxd4 Nb6 19. Rac1 Rd8 20. e3 c6
21. R5c2 Rd7 22. Bf1 Rbd8 23. Be2 Kf7 24. f3 Nc8 25. a4 Rd5 26. Bc3 b6 27. a5
bxa5 28. Be1 Ne7 29. e4 Rd4 30. Bxa5 R8d7 31. a3 f5 32. exf5 Bxf5 33. Rb2 Bd3
34. Bc3 R4d5 35. Bd1 Rc5 36. Rd2 Bf5 37. Bb3+ Ke8 38. Rxd7 Bxd7 39. Kf2 Bf5 40.
g4 Bg6 41. h4 h5 42. Bd2 Rxc1 43. Bxc1 hxg4 44. fxg4 Bf7 45. Ba4 g6 46. Be3 a6
47. Bc5 Kd7 48. Bxe7 Kxe7 49. Bxc6 Kd6 50. Be4 Ke5 51. Ke3 a5 52. Bc2 Be8 53.
Bd3 Bf7 54. Bb5 Be6 55. Kf3 Bd5+ 56. Kg3 Be4 57. Be8 Bc2 58. Bb5 Be4 59. Ba4
Bd3 60. Kf3 Be4+ 61. Ke3 Bd5 62. Be8 Be4 63. h5 gxh5 64. gxh5 Bc2 65. Bb5 Kf6
66. Bd3 Bd1 67. h6 Bb3 68. Kd4 Bd1 69. Kc5 Bb3 70. Kb5 a4 71. Ka5 Bd1 72. Kb4
Kf7 73. Bb5 Kg6 74. Bxa4 Be2 75. Bb3 Kxh6 76. a4 Kg7 77. Bc4 Bf3 78. Kc5 Kf8
79. Kd6 Ke8 80. Kc7 Ke7 81. a5 Kf6 82. a6 Ke5 83. a7 Kd4 84. Ba6 1-0

[Event "10. Open Vila de Salou"]
[Site "Salou ESP"]
[Date "2008.05.09"]
[Round "2.2"]
[White "Libiszewski, Fabien"]
[Black "Lopez Martinez, Josep Manuel"]
[Result "1-0"]
[WhiteElo "2465"]
[BlackElo "2575"]
[PlyCount "63"]
[EventDate "2008.05.08"]
[EventType "swiss"]
[EventRounds "9"]
[EventCountry "ESP"]
[Source "lmi"]
[SourceDate "2008.05.08"]

1. e4 c5 2. Nf3 e6 3. d4 cxd4 4. Nxd4 a6 5. Be2 Nf6 6. Nc3 Qc7 7. O-O d6 8. f4
Be7 9. Kh1 Nc6 10. Nxc6 bxc6 11. b3 O-O 12. Qd3 e5 13. Qg3 Kh8 14. Bb2 Be6 15.
Rad1 a5 16. Bf3 exf4 17. Qxf4 Rab8 18. Qg3 Ne8 19. Ne2 Bc4 20. Bc3 Ba6 21. a4
Bf6 22. Bxf6 gxf6 23. Rf2 Rg8 24. Qh4 Rb4 25. Nd4 Bc8 26. Be2 Rg7 27. Bc4 Bd7
28. Qh6 Qd8 29. e5 fxe5 30. Rxf7 Rxc4 31. Rf8+ Rg8 32. Rdf1 1-0

[Event "10. Open Vila de Salou"]
[Site "Salou ESP"]
[Date "2008.05.09"]
[Round "2.3"]
[White "Maze, Sebastien"]
[Black "Hernando Rodrigo, Julio A"]
[Result "1-0"]
[WhiteElo "2565"]
[BlackElo "2389"]
[PlyCount "65"]
[EventDate "2008.05.08"]
[EventType "swiss"]
[EventRounds "9"]
[EventCountry "ESP"]
[Source "lmi"]
[SourceDate "2008.05.08"]

1. d4 Nf6 2. Nf3 e6 3. c4 Bb4+ 4. Bd2 a5 5. Qc2 d5 6. g3 O-O 7. Bg2 dxc4 8.
Qxc4 Bxd2+ 9. Nbxd2 c6 10. O-O Nbd7 11. Rfd1 Qe7 12. e4 e5 13. Qc3 exd4 14.
Nxd4 Qb4 15. Qxb4 axb4 16. Nc4 Nc5 17. e5 Nfe4 18. f3 Ng5 19. h4 Nge6 20. Nf5
Kh8 21. Nfd6 Na4 22. Nxc8 Rfxc8 23. f4 Rc7 24. f5 Nec5 25. Rd2 Re7 26. Rad1 h6
27. Bh3 Ne4 28. Rd8+ Re8 29. Rxa8 Rxa8 30. e6 fxe6 31. fxe6 Re8 32. Bf5 Nac5
33. Bg6 1-0

[Event "10. Open Vila de Salou"]
[Site "Salou ESP"]
[Date "2008.05.09"]
[Round "2.4"]
[White "Langrock, Hannes"]
[Black "Mirzoev, Azer"]
[Result "1/2-1/2"]
[WhiteElo "2395"]
[BlackElo "2543"]
[PlyCount "94"]
[EventDate "2008.05.08"]
[EventType "swiss"]
[EventRounds "9"]
[EventCountry "ESP"]
[Source "lmi"]
[SourceDate "2008.05.08"]

1. e4 c5 2. c3 Nf6 3. e5 Nd5 4. Nf3 d6 5. d4 cxd4 6. cxd4 dxe5 7. dxe5 Nc6 8.
Bc4 Nb6 9. Qxd8+ Nxd8 10. Bb5+ Bd7 11. Bxd7+ Nxd7 12. Nc3 e6 13. Nb5 Bb4+ 14.
Bd2 Bxd2+ 15. Kxd2 Ke7 16. Nbd4 Nc6 17. Nxc6+ bxc6 18. Rac1 c5 19. Rc4 a5 20.
b3 Rhb8 21. Kc2 Rb4 22. a3 Rb7 23. Nd2 Nxe5 24. Rxc5 Nd7 25. Rc6 Rab8 26. Re1
h5 27. Re3 g6 28. Nc4 Ra7 29. Ne5 Nxe5 30. Rxe5 Kf6 31. Rcc5 Rba8 32. h4 Ke7
33. Rb5 Kd6 34. Rec5 Ra6 35. Kc3 R8a7 36. Kc4 Ke7 37. Kc3 f6 38. f4 f5 39. a4
Kf6 40. g3 Ke7 41. Rc8 Rd6 42. Rbb8 Rdd7 43. Re8+ Kf7 44. Rf8+ Kg7 45. Rg8+ Kf7
46. Rgf8+ Kg7 47. Rg8+ Kf7 1/2-1/2

[Event "10. Open Vila de Salou"]
[Site "Salou ESP"]
[Date "2008.05.09"]
[Round "2.5"]
[White "Movsziszian, Karen"]
[Black "Cori, Jorge"]
[Result "1-0"]
[WhiteElo "2536"]
[BlackElo "2377"]
[PlyCount "129"]
[EventDate "2008.05.08"]
[EventType "swiss"]
[EventRounds "9"]
[EventCountry "ESP"]
[Source "lmi"]
[SourceDate "2008.05.08"]

1. d4 Nf6 2. g3 g6 3. Bg2 Bg7 4. e4 d6 5. Ne2 O-O 6. Nbc3 e5 7. h3 Nc6 8. Be3
Nd7 9. O-O exd4 10. Nxd4 Nde5 11. Nde2 Kh8 12. b3 f5 13. exf5 Bxf5 14. f4 Nd7
15. g4 Be6 16. Qd2 Nf6 17. Rae1 Qd7 18. Ng3 Rae8 19. Kh1 b6 20. f5 gxf5 21.
Nxf5 Bxf5 22. Rxf5 Ne7 23. Rf2 Ng6 24. Ref1 Ng8 25. Ne4 Qe7 26. Rf5 Rxf5 27.
Rxf5 Nf6 28. Nxf6 Qxe3 29. Qf2 Qxf2 30. Rxf2 Rf8 31. Ne4 Rxf2 32. Nxf2 Bd4 33.
Nd3 Kg7 34. Bd5 Kf6 35. Kg2 h6 36. Be4 Ne7 37. c4 a5 38. h4 c6 39. Nf4 Be3 40.
Kf3 Bd2 41. Ne2 d5 42. cxd5 cxd5 43. Bh7 Nc6 44. Ng3 Nd4+ 45. Kf2 Ke5 46. Bd3
Ne6 47. Nf5 Bc1 48. Bb1 Bf4 49. Ne7 Bc1 50. Ke2 Ba3 51. Ng6+ Kf6 52. Kf3 Bd6
53. Bd3 Nc5 54. Bf5 Nd7 55. Nf4 Ne5+ 56. Ke3 Bc5+ 57. Ke2 d4 58. Nd5+ Kf7 59.
a4 Kg7 60. Nf4 Kf6 61. Nd5+ Kg7 62. g5 hxg5 63. hxg5 Kf7 64. Nf4 Bf8 65. Be4
1-0

[Event "10. Open Vila de Salou"]
[Site "Salou ESP"]
[Date "2008.05.09"]
[Round "2.6"]
[White "Kovalyov, Anton"]
[Black "Hernando Rodrigo, Jose Maria"]
[Result "1-0"]
[WhiteElo "2525"]
[BlackElo "2337"]
[PlyCount "73"]
[EventDate "2008.05.08"]
[EventType "swiss"]
[EventRounds "9"]
[EventCountry "ESP"]
[Source "lmi"]
[SourceDate "2008.05.08"]

1. c4 c5 2. Nf3 Nf6 3. Nc3 Nc6 4. d4 cxd4 5. Nxd4 e6 6. a3 Be7 7. e4 O-O 8. Nf3
b6 9. Bd3 Bb7 10. O-O d6 11. Bf4 Rc8 12. Re1 Qc7 13. Bf1 Rfd8 14. Rc1 Qb8 15.
h3 Qa8 16. Nd2 Ne5 17. Bh2 Ng6 18. Kh1 d5 19. cxd5 exd5 20. e5 Ne4 21. Ndxe4
dxe4 22. Qe2 Bg5 23. Rcd1 e3 24. fxe3 Re8 25. Qh5 Bh4 26. Re2 Rc5 27. Red2 Bf6
28. b4 Rcxe5 29. Bxe5 Rxe5 30. Qe2 Nf4 31. Qg4 Rxe3 32. Qxf4 Rxh3+ 33. Kg1 Rxc3
34. Rd7 b5 35. R1d6 Rc8 36. Rxf6 gxf6 37. Qg4+ 1-0

[Event "10. Open Vila de Salou"]
[Site "Salou ESP"]
[Date "2008.05.09"]
[Round "2.7"]
[White "Adel Lahchaichi, Oussama"]
[Black "Leon Hoyos, Manuel"]
[Result "0-1"]
[WhiteElo "2340"]
[BlackElo "2490"]
[PlyCount "54"]
[EventDate "2008.05.08"]
[EventType "swiss"]
[EventRounds "9"]
[EventCountry "ESP"]
[Source "lmi"]
[SourceDate "2008.05.08"]

1. c4 c5 2. g3 Nf6 3. Bg2 d5 4. Nf3 Nc6 5. cxd5 Nxd5 6. Nc3 Nc7 7. O-O e5 8.
Ne1 Be7 9. Bxc6+ bxc6 10. d3 O-O 11. Be3 Bh3 12. Ng2 Nd5 13. Qd2 f5 14. f4 exf4
15. gxf4 Bf6 16. Bxc5 Nxc3 17. Bxf8 Qd5 18. Ne3 Bd4 19. Rf3 Nxe2+ 20. Qxe2 Bg4
21. Kg2 Re8 22. Nxd5 Rxe2+ 23. Kg3 cxd5 24. Ba3 g5 25. h3 Bxf3 26. Kxf3 Rf2+
27. Kg3 gxf4+ 0-1

[Event "10. Open Vila de Salou"]
[Site "Salou ESP"]
[Date "2008.05.09"]
[Round "2.8"]
[White "Krivoshey, Sergei"]
[Black "Martinez Lopez, Ivan"]
[Result "1-0"]
[WhiteElo "2488"]
[BlackElo "2254"]
[PlyCount "93"]
[EventDate "2008.05.08"]
[EventType "swiss"]
[EventRounds "9"]
[EventCountry "ESP"]
[Source "lmi"]
[SourceDate "2008.05.08"]

1. Nf3 Nf6 2. c4 g6 3. Nc3 Bg7 4. e4 d6 5. d4 O-O 6. Be2 e5 7. O-O Nc6 8. d5
Ne7 9. Ne1 Nd7 10. Be3 f5 11. f3 f4 12. Bf2 g5 13. b4 Rf6 14. Nb5 b6 15. Nd3
Rg6 16. c5 g4 17. Bh4 Bf6 18. Be1 bxc5 19. bxc5 g3 20. hxg3 fxg3 21. f4 exf4
22. Nxf4 Bxa1 23. Qxa1 Ne5 24. Nxg6 N7xg6 25. Bxg3 a6 26. Nd4 Qg5 27. Qc3 h5
28. Nf5 h4 29. Bh2 Bxf5 30. exf5 Nf8 31. Bxe5 dxe5 32. Qxe5 h3 33. Bf3 Rb8 34.
Re1 Rb4 35. f6 Qxe5 36. Rxe5 Rb1+ 37. Kh2 hxg2 38. Bxg2 Rc1 39. Rg5+ Kf7 40.
Rg7+ Kxf6 41. Rxc7 Ke5 42. Rc8 Nd7 43. Re8+ Kd4 44. c6 Nf6 45. Re2 a5 46. d6
Kc5 47. Rd2 1-0

[Event "10. Open Vila de Salou"]
[Site "Salou ESP"]
[Date "2008.05.10"]
[Round "3.1"]
[White "Krivoshey, Sergei"]
[Black "Burmakin, Vladimir"]
[Result "1/2-1/2"]
[WhiteElo "2488"]
[BlackElo "2615"]
[PlyCount "24"]
[EventDate "2008.05.08"]
[EventType "swiss"]
[EventRounds "9"]
[EventCountry "ESP"]
[Source "lmi"]
[SourceDate "2008.05.08"]

1. d4 d5 2. Nf3 c6 3. c4 Nf6 4. e3 Bf5 5. Bd3 Bxd3 6. Qxd3 e6 7. Nc3 Nbd7 8.
O-O Be7 9. b3 O-O 10. Bb2 Re8 11. e4 dxe4 12. Nxe4 Nxe4 1/2-1/2

[Event "10. Open Vila de Salou"]
[Site "Salou ESP"]
[Date "2008.05.10"]
[Round "3.2"]
[White "Moreno Lafuente, Pablo"]
[Black "Maze, Sebastien"]
[Result "1/2-1/2"]
[WhiteElo "1820"]
[BlackElo "2565"]
[PlyCount "35"]
[EventDate "2008.05.08"]
[EventType "swiss"]
[EventRounds "9"]
[EventCountry "ESP"]
[Source "lmi"]
[SourceDate "2008.05.08"]

1. d4 Nf6 2. c4 e6 3. g3 c5 4. d5 exd5 5. cxd5 d6 6. Nc3 g6 7. Bg2 Bg7 8. Nf3
O-O 9. O-O Re8 10. Nd2 a6 11. a4 Nbd7 12. a5 b5 13. axb6 Nxb6 14. Nb3 Nc4 15.
Ra4 Nb6 16. Ra1 Nc4 17. Ra4 Nb6 18. Ra1 1/2-1/2

[Event "10. Open Vila de Salou"]
[Site "Salou ESP"]
[Date "2008.05.10"]
[Round "3.3"]
[White "Karlsson, Lars"]
[Black "Movsziszian, Karen"]
[Result "0-1"]
[WhiteElo "2475"]
[BlackElo "2536"]
[PlyCount "78"]
[EventDate "2008.05.08"]
[EventType "swiss"]
[EventRounds "9"]
[EventCountry "ESP"]
[Source "lmi"]
[SourceDate "2008.05.08"]

1. c4 g6 2. g3 Bg7 3. Bg2 e5 4. Nc3 d6 5. e4 Nc6 6. d3 f5 7. h4 h6 8. h5 g5 9.
exf5 Bxf5 10. Be4 Nge7 11. Be3 O-O 12. Nge2 Nd4 13. Bxd4 exd4 14. Bxf5 Nxf5 15.
Ne4 c6 16. O-O Qd7 17. Nc1 Rae8 18. Qg4 d5 19. cxd5 cxd5 20. Nd2 Qb5 21. Qd1
Ne7 22. a4 Qd7 23. Nf3 Nc6 24. Nh2 Ne5 25. Nb3 Qh3 26. Nxd4 g4 27. Rc1 Re7 28.
Rc2 Ref7 29. Kh1 Rf3 30. Rd2 Kh8 31. Kg1 Qxh5 32. Qe2 R3f7 33. Qd1 Nf3+ 34.
Ndxf3 gxf3 35. Kh1 Rf5 36. g4 Be5 37. gxh5 Rxh5 38. Qxf3 Rxh2+ 39. Kg1 Rg8+ 0-1

[Event "10. Open Vila de Salou"]
[Site "Salou ESP"]
[Date "2008.05.10"]
[Round "3.4"]
[White "Cruz, Cristhian"]
[Black "Kovalyov, Anton"]
[Result "0-1"]
[WhiteElo "2473"]
[BlackElo "2525"]
[PlyCount "132"]
[EventDate "2008.05.08"]
[EventType "swiss"]
[EventRounds "9"]
[EventCountry "ESP"]
[Source "lmi"]
[SourceDate "2008.05.08"]

1. d4 Nf6 2. Nf3 e6 3. e3 c5 4. Bd3 Nc6 5. O-O Be7 6. a3 d5 7. b3 O-O 8. Nbd2
b6 9. Bb2 Bb7 10. Ne5 Nxe5 11. dxe5 Nd7 12. f4 g6 13. c4 Qc7 14. Qg4 d4 15. Nf3
dxe3 16. Rae1 Rfd8 17. Rxe3 Nf8 18. Ng5 Bxg5 19. Qxg5 Rd7 20. f5 exf5 21. e6
fxe6 22. Be5 Qd8 23. Bf6 Qe8 24. Bxf5 exf5 25. Rxe8 Rxe8 26. Rxf5 Re2 27. Rd5
Bxd5 28. cxd5 Re1+ 29. Kf2 Rd1 30. Bc3 R1xd5 31. Qe3 Rf7+ 32. Kg3 Rfd7 33. Kf2
Rf5+ 34. Kg3 Kf7 35. h3 Ne6 36. Kh2 Nd4 37. b4 Ne6 38. bxc5 bxc5 39. Qe4 Nd4
40. Qa8 Ke6 41. Qe4+ Re5 42. Qg4+ Ke7 43. Qh4+ Ke6 44. Qg4+ Rf5 45. Qe4+ Kf7
46. Qa8 Re5 47. Qc8 Ke7 48. a4 Kd6 49. a5 Re3 50. Bd2 Nf3+ 51. gxf3 Re2+ 52.
Kg3 Rxd2 53. Qa6+ Ke7 54. Qc6 R2d5 55. h4 Kf7 56. Qc8 Kg7 57. Qc6 h5 58. Kf2
Kh7 59. Kg3 c4 60. a6 Rd4 61. Qc5 Kg7 62. Qe5+ Kf7 63. Qc5 Kg8 64. Qc6 Kg7 65.
Qc5 Kh7 66. Qc6 Rf7 0-1

[Event "10. Open Vila de Salou"]
[Site "Salou ESP"]
[Date "2008.05.10"]
[Round "3.5"]
[White "Leon Hoyos, Manuel"]
[Black "Libiszewski, Fabien"]
[Result "1-0"]
[WhiteElo "2490"]
[BlackElo "2465"]
[PlyCount "71"]
[EventDate "2008.05.08"]
[EventType "swiss"]
[EventRounds "9"]
[EventCountry "ESP"]
[Source "lmi"]
[SourceDate "2008.05.08"]

1. e4 e6 2. d4 d5 3. Nd2 Nf6 4. e5 Nfd7 5. Bd3 c5 6. c3 Nc6 7. Ne2 cxd4 8. cxd4
f6 9. exf6 Nxf6 10. Nf3 Qc7 11. O-O Bd6 12. Bg5 O-O 13. Bh4 Nh5 14. Qc2 h6 15.
Bh7+ Kh8 16. Bg6 Rxf3 17. Bxh5 Rf8 18. Bg3 Bd7 19. Rac1 Rf6 20. Qd2 Be8 21.
Bxe8 Rxe8 22. b4 a6 23. a4 Bxg3 24. hxg3 Qb6 25. Rb1 e5 26. dxe5 Rxe5 27. b5
axb5 28. Rxb5 Qa7 29. Nf4 Qxa4 30. Rxb7 Qe4 31. Rb6 Ref5 32. Re1 Qd4 33. Qxd4
Nxd4 34. Re8+ Kh7 35. Rbb8 g6 36. Nxd5 1-0

[Event "10. Open Vila de Salou"]
[Site "Salou ESP"]
[Date "2008.05.10"]
[Round "3.7"]
[White "Lopez Martinez, Josep Manuel"]
[Black "Langrock, Hannes"]
[Result "1-0"]
[WhiteElo "2575"]
[BlackElo "2395"]
[PlyCount "83"]
[EventDate "2008.05.08"]
[EventType "swiss"]
[EventRounds "9"]
[EventCountry "ESP"]
[Source "lmi"]
[SourceDate "2008.05.08"]

1. e4 e6 2. d4 d5 3. Nc3 dxe4 4. Nxe4 Nd7 5. Nf3 Ngf6 6. Bd3 c5 7. O-O Nxe4 8.
Bxe4 Nf6 9. Bd3 cxd4 10. Nxd4 Bc5 11. c3 O-O 12. Bg5 Bxd4 13. cxd4 Bd7 14. Re1
Bc6 15. Re5 h6 16. Bh4 Re8 17. Qd2 Kf8 18. Bc2 Qd6 19. Bxf6 gxf6 20. Rh5 Ke7
21. Qe3 Rad8 22. Rd1 Rg8 23. d5 Rg5 24. Rxg5 hxg5 25. Bb3 Kf8 26. h4 exd5 27.
hxg5 Re8 28. Qc1 fxg5 29. Qxg5 Re5 30. Qh4 Qe6 31. f3 Re2 32. Rd4 Qd6 33. Rf4
Re8 34. Qh8+ Ke7 35. Qd4 Rg8 36. Rf5 Qg6 37. Re5+ Kd7 38. g4 Rh8 39. Kg2 Qb1
40. Rxd5+ Bxd5 41. Qxd5+ Kc8 42. Qc5+ 1-0

[Event "10. Open Vila de Salou"]
[Site "Salou ESP"]
[Date "2008.05.10"]
[Round "3.8"]
[White "Valiente Roy, Jose Javier"]
[Black "Ivanov, Mikhail M"]
[Result "1-0"]
[WhiteElo "2109"]
[BlackElo "2492"]
[PlyCount "109"]
[EventDate "2008.05.08"]
[EventType "swiss"]
[EventRounds "9"]
[EventCountry "ESP"]
[Source "lmi"]
[SourceDate "2008.05.08"]

1. d4 c5 2. d5 g6 3. g3 Bg7 4. Bg2 d6 5. Nf3 b5 6. O-O Bb7 7. a4 a6 8. axb5
axb5 9. Rxa8 Bxa8 10. Qd3 Nd7 11. e4 Qb6 12. Na3 c4 13. Qe2 Ngf6 14. Be3 Qa6
15. Nd4 O-O 16. Naxb5 Rc8 17. Rd1 h5 18. Qe1 Nc5 19. Ra1 Qb6 20. Bd2 Ng4 21.
Ba5 Qb7 22. Bc3 Qb8 23. Bh3 Re8 24. Rxa8 Qxa8 25. Nc7 Qc8 26. Nxe8 Qxe8 27. Bg2
Na4 28. Qe2 Nxc3 29. bxc3 Qa4 30. Bf1 Bxd4 31. cxd4 c3 32. h3 Nf6 33. Qd3 Qa1
34. Kg2 Kg7 35. Be2 h4 36. g4 Qc1 37. Qxc3 Nxe4 38. Qe3 Nd2 39. Bd3 Kf8 40.
Qh6+ Kg8 41. Qxh4 Qd1 42. Qg3 Nb1 43. Qe3 Nd2 44. Qe2 Qc1 45. Qxe7 Qa3 46. Qd8+
Kg7 47. g5 Qb4 48. Qf6+ Kg8 49. h4 Qb7 50. Qxd6 Qc8 51. Qf4 Nc4 52. Bxc4 Qxc4
53. Qe4 Qc8 54. d6 Qd7 55. c4 1-0

[Event "10. Open Vila de Salou"]
[Site "Salou ESP"]
[Date "2008.05.11"]
[Round "4.1"]
[White "Movsziszian, Karen"]
[Black "Leon Hoyos, Manuel"]
[Result "1-0"]
[WhiteElo "2536"]
[BlackElo "2490"]
[PlyCount "51"]
[EventDate "2008.05.08"]
[EventType "swiss"]
[EventRounds "9"]
[EventCountry "ESP"]
[Source "lmi"]
[SourceDate "2008.05.08"]

1. e4 c5 2. d3 Nc6 3. g3 d5 4. Nd2 g6 5. Bg2 e6 6. Ngf3 Bg7 7. O-O Nge7 8. Re1
O-O 9. e5 Qc7 10. Qe2 b5 11. h4 f6 12. exf6 Bxf6 13. c4 bxc4 14. dxc4 Nf5 15.
Nb3 Bd7 16. Bf4 Qb6 17. Rad1 Rae8 18. Ne5 Ncd4 19. Nxd4 Nxd4 20. Rxd4 Bxe5 21.
Rxd5 Bxf4 22. Rxd7 Bh6 23. h5 Bg7 24. hxg6 hxg6 25. Bh3 Rf7 26. Bxe6 1-0

[Event "10. Open Vila de Salou"]
[Site "Salou ESP"]
[Date "2008.05.11"]
[Round "4.2"]
[White "Kovalyov, Anton"]
[Black "Mirzoev, Azer"]
[Result "0-1"]
[WhiteElo "2525"]
[BlackElo "2543"]
[PlyCount "128"]
[EventDate "2008.05.08"]
[EventType "swiss"]
[EventRounds "9"]
[EventCountry "ESP"]
[Source "lmi"]
[SourceDate "2008.05.08"]

1. c4 e6 2. Nc3 d5 3. d4 Nf6 4. cxd5 exd5 5. Bg5 c6 6. e3 Be7 7. Qc2 Bg4 8.
Nge2 Nbd7 9. h3 Bh5 10. Nf4 Bg6 11. Nxg6 hxg6 12. Be2 Nf8 13. Bf4 Bd6 14. Bxd6
Qxd6 15. Rb1 a5 16. a3 Ne6 17. O-O g5 18. Qf5 Ke7 19. Rbe1 g6 20. Qe5 Qxe5 21.
dxe5 Ne4 22. Nxe4 dxe4 23. f3 Rad8 24. fxe4 Rd2 25. Bc4 Rxb2 26. Rf6 Nd8 27.
Ref1 Rf8 28. Rc1 Rd2 29. a4 Rh8 30. Rcf1 Rh7 31. e6 fxe6 32. Rxg6 Rc2 33. Bb3
Rc5 34. Rg8 Nf7 35. Bd1 Nd6 36. Bg4 Re5 37. Rb1 Kd7 38. Rg6 Re7 39. g3 Kc7 40.
Bf3 Rf7 41. Kg2 Nc4 42. Re1 Nb2 43. Bg4 Nxa4 44. Bxe6 Re7 45. Bf5 Nc5 46. g4 a4
47. Kf3 b5 48. Rxg5 b4 49. Rg8 b3 50. g5 a3 51. Ra8 a2 52. Ra3 Kb6 53. g6 Ra7
54. Rxb3+ Nxb3 55. Kf4 Rc5 56. Be6 Nc1 57. Bxa2 Nd3+ 58. Kg4 Nxe1 59. Bf7 Rc2
60. e5 Rg2+ 61. Kf5 Ra5 62. Ke4 Kc7 63. h4 Ra4+ 64. Kf5 Rxh4 0-1